| 000 | 00602nam a22001817a 4500 | ||
|---|---|---|---|
| 008 | 151208b xxu||||| |||| 00| 0 eng d | ||
| 020 | _a9780521568333 | ||
| 050 | _aB2799.A4 G86 1993 | ||
| 100 |
_aGuyer, Paul _91326 |
||
| 245 |
_aKant and the experience of freedom _bessays on aesthetics and morality _cPaul Guyer |
||
| 260 |
_aCambridge _bCambridge University Press _c1993 |
||
| 300 |
_axv, 449p. ; _c23cm. |
||
| 600 |
_aKant, Immanuel _xAesthetics _921290 |
||
| 600 |
_aKant, Immanuel _921291 |
||
| 650 |
_aEthics _921292 |
||
| 650 |
_aFree will and determination _921293 |
||
| 942 |
_2lcc _cMONOGRAPH |
||
| 999 |
_c123865 _d123865 |
||